El vergonzoso en palacio

Збережено в:
Бібліографічні деталі
Автор: Tirso de Molina (autor)
Формат: Книга
Мова:Іспанська
Опубліковано: Madrid Espasa-Calpe 1958
Редагування:6a. ed
Серія:Clásicos castellanos, 2
Предмети:
Теги: Додати тег
Немає тегів, Будьте першим, хто поставить тег для цього запису!

MARC

LEADER 00000nam a2200000 a 4500
001 UCQ7469
003 CL-VaPUC
005 20241121151344.0
008 981113e19580000SP |||||||||||||||||spa|d
999 |c 277078  |d 277076 
040 |c Pontificia Universidad Católica de Valparaíso 
082 0 4 |a 862  |b TIR  |2 21 
100 |a Tirso de Molina  |e autor  |9 866712 
245 1 3 |a El vergonzoso en palacio 
246 1 3 |a El burlador de Sevilla 
250 |a 6a. ed 
260 |a Madrid  |b Espasa-Calpe  |c 1958 
300 |a v 
490 0 |a Clásicos castellanos, 2 
583 |a last modification  |c 19981113 00:00:00  |k Rodrigo Vera 
650 7 |a COMEDIAS ESPAÑOLAS  |2 CL-VaPUC  |9 421271 
650 0 |a Dramas españoles  |9 267081 
942 |c BK  |2 ddc 
945 |d 19981113 00:00:00  |a lriquelm 
952 |0 0  |1 0  |4 0  |6 862_000000000000000_TIR_1958  |7 0  |8 A  |9 314801  |a BIBEDU  |b BIBEDU  |d 2019-11-20  |h v.1  |i 1488171  |o 862 TIR 1958  |p 1488171  |r 2019-11-20  |w 2019-11-20  |y BK  |k LIT